000 00537nam a2200205 a 4500
999 _c1737
_d1737
001 1737
003 BD-JhCC
005 20181112134017.0
008 171023s2013 bg |||| |||| 000 0 eng d
035 _a(BD-JhCC)1737
040 _aBD-JhCC
_dBD-JhCC
041 _aeng
082 _a891.443
_bIQB 2013
100 _aIqbal, Muhammed Zafar
245 _aDipu Number Two /
_cMuhammed Zafar Iqbal; Yeshim Iqbal (Translated)
260 _aDhaka :
_bSomoy ;
_c2013
300 _a95 p. :
_c22 cm
650 _aBengali Novel
942 _2ddc
_cBK
_02